000 00624nam a22001577a 4500
999 _c60852
_d60852
005 20231110121619.0
008 231110s2000 ru ||||| |||| 00| 0 rus d
041 _arus
080 _a008 Б-72
100 _aБобахо, В.А.
_920316
245 _aКультурология :
_bпрограмма базового курса, хрестоматия, словарь терминов /
_c В.А. Бобахо С.И. Левикова.
300 _a400 стр.;
_b22 см.
653 _aკულტუროლოგია
700 _aЛевикова, С.И.
_eავტორი
_920317
942 _2udc
_cᲬᲘᲒᲜᲘ